[Event "Aragon-chT Preferente Gr II"]
[Site "Aragon"]
[Date "2023.03.18"]
[Round "8.61"]
[White "Aviol Perez, Jose Mariano"]
[Black "Galve Guinea, Alejandro"]
[Result "1-0"]
[WhiteElo "1772"]
[BlackElo "1960"]
[PlyCount "29"]
[EventDate "2023.01.28"]
[EventType "team-tourn"]
[EventRounds "9"]
[EventCountry "ESP"]
[SourceTitle "EXT 2024"]
[Source "ChessBase"]
[SourceDate "2023.10.10"]
[SourceVersion "1"]
[SourceVersionDate "2023.10.10"]
[SourceQuality "1"]
[WhiteTeam "Actur Rey Fernando"]
[BlackTeam "El Olivar II"]
[WhiteTeamCountry "ESP"]
[BlackTeamCountry "ESP"]

1. d4 d5 2. Nf3 Nf6 3. c4 c6 4. Nc3 dxc4 5. Ne5 b5 6. g3 e6 7. Bg2 Nd5 8. 0-0 Bb7 9. a4 a6 10. Ne4 Nd7 11. Nxf7 Kxf7 12. Ng5+ Kg8 13. Bh3 g6 14. Bxe6+ Kg7 15. Bxd5 1-0

[Event "Aragon-chT Preferente Gr I "]
[Site "Aragon"]
[Date "2018.03.10"]
[Round "7.34"]
[White "Aviol Perez, Jose Mariano"]
[Black "Gutierrez Mingueza, Ruben"]
[Result "0-1"]
[WhiteElo "1786"]
[BlackElo "2080"]
[PlyCount "100"]
[EventDate "2018.01.27"]
[EventType "team-tourn"]
[EventRounds "9"]
[EventCountry "ESP"]
[SourceTitle "EXT 2019"]
[Source "ChessBase"]
[SourceDate "2018.10.10"]
[SourceVersion "1"]
[SourceVersionDate "2018.10.10"]
[SourceQuality "1"]
[WhiteTeam "Actur Rey Fernando"]
[BlackTeam "San Jose"]
[WhiteTeamCountry "ESP"]
[BlackTeamCountry "ESP"]

1. d4 d5 2. Nf3 Nf6 3. c4 e6 4. Nc3 Be7 5. Bg5 0-0 6. e3 Nbd7 7. cxd5 exd5 8. Bd3 Re8 9. Qc2 Nf8 10. 0-0 c6 11. h3 Ng6 12. Rfe1 Ne4 13. Bxe7 Qxe7 14. Rab1 Nh4 15. Nxh4 Qxh4 16. f3 Ng5 17. Qf2 Qh6 18. Qg3 Rxe3 19. Kf2 Rxe1 20. Rxe1 Ne6 21. Qd6 Qd2+ 22. Re2 Qxd3 23. Qd8+ Nf8 24. Re8 Qxd4+ 25. Kg3 h6 26. Rxf8+ Kh7 27. Rh8+ Kg6 28. Ne2 Qe5+ 29. Kf2 Qxb2 30. Qd6+ f6 31. Qg3+ Kf7 32. Qc7+ Kg6 33. Rg8 f5 34. Kg3 Kh7 35. Re8 Qf6 36. Nf4 b6 37. h4 c5 38. h5 Qg5+ 39. Kf2 Bb7 40. Re6 Rg8 41. g3 Bc8 42. Rg6 Qd8 43. Qxa7 d4 44. Qf7 Kh8 45. Re6 Bxe6 46. Nxe6 Qd5 47. Qe7 Qe5 48. Qd7 d3 49. Nf4 Qd4+ 50. Qxd4 cxd4 0-1

[Event "Aragon-ch Seniors-A"]
[Site "Zaragoza"]
[Date "2017.05.27"]
[Round "6"]
[White "Aviol Perez, Jose Mariano"]
[Black "Minguez Guinda, Andres"]
[Result "1-0"]
[WhiteElo "1819"]
[BlackElo "1860"]
[PlyCount "89"]
[EventDate "2017.04.22"]
[EventType "swiss"]
[EventRounds "8"]
[EventCountry "ESP"]
[SourceTitle "EXT 2019"]
[Source "ChessBase"]
[SourceDate "2018.10.10"]
[SourceVersion "1"]
[SourceVersionDate "2018.10.10"]
[SourceQuality "1"]

1. d4 d5 2. Nf3 Nf6 3. c4 e6 4. Nc3 Be7 5. cxd5 exd5 6. Bg5 0-0 7. e3 c6 8. Qc2 Nbd7 9. Bd3 Re8 10. 0-0 Nf8 11. h3 Be6 12. Ne5 N6d7 13. Bxe7 Qxe7 14. Nxd7 Bxd7 15. b4 b5 16. a4 a6 17. Rfb1 Qg5 18. Kh2 h5 19. Rb2 Qf6 20. Rba2 Qd6+ 21. Kg1 Rac8 22. axb5 axb5 23. Qb1 Ne6 24. Ra6 Qe7 25. Ra7 Rc7 26. Rxc7 Nxc7 27. Ra7 Qd8 28. Qa2 Ne6 29. Qa6 Qc8 30. Qb6 Nf8 31. Ne2 g6 32. Nf4 Qb8 33. Rb7 Qd8 34. Qa7 Kg7 35. Bc2 Kh6 36. Nd3 f6 37. Nc5 Bc8 38. Rc7 Qd6 39. Qb6 Nd7 40. Qxc6 Qxc6 41. Rxc6 Nxc5 42. Rxc5 Bd7 43. Rxd5 Re7 44. Bd3 Bc8 45. Bxb5 1-0

[Event "Aragon-ch Seniors-A"]
[Site "Zaragoza"]
[Date "2017.05.20"]
[Round "5"]
[White "Aviol Perez, Jose Mariano"]
[Black "Palomar Ramon, Santiago"]
[Result "1-0"]
[WhiteElo "1819"]
[BlackElo "1944"]
[PlyCount "95"]
[EventDate "2017.04.22"]
[EventType "swiss"]
[EventRounds "8"]
[EventCountry "ESP"]
[SourceTitle "EXT 2019"]
[Source "ChessBase"]
[SourceDate "2018.10.10"]
[SourceVersion "1"]
[SourceVersionDate "2018.10.10"]
[SourceQuality "1"]

1. d4 d5 2. Nf3 Nc6 3. g3 Bf5 4. Bg2 e6 5. 0-0 Nb4 6. Na3 Be7 7. Ne5 Nf6 8. c3 Na6 9. Qa4+ c6 10. c4 Nc7 11. Bd2 0-0 12. Bc3 Nd7 13. Nxd7 Qxd7 14. Rfd1 b5 15. cxb5 cxb5 16. Qa5 Rfb8 17. Rac1 Rb6 18. Bd2 b4 19. Nc4 dxc4 20. Bxa8 Nxa8 21. Rxc4 Be4 22. Rdc1 Rc6 23. Bxb4 Bxb4 24. Qxb4 Nb6 25. Rxc6 Bxc6 26. Qc5 Bd5 27. Qc7 Qxc7 28. Rxc7 Bxa2 29. e4 f5 30. Rxa7 Bb1 31. exf5 Bxf5 32. f3 Nd5 33. Kf2 Bd3 34. Ke1 g5 35. Kd2 Bc4 36. b4 h5 37. Rb7 Ba6 38. Rb8+ Kf7 39. b5 Bxb5 40. Rxb5 g4 41. f4 Kf6 42. Rb8 Kf5 43. Kd3 h4 44. Rf8+ Kg6 45. Rg8+ Kf7 46. Rxg4 hxg3 47. hxg3 Nb4+ 48. Ke4 1-0

[Event "Aragon-ch Seniors-A"]
[Site "Zaragoza"]
[Date "2017.05.06"]
[Round "3"]
[White "Aviol Perez, Jose Mariano"]
[Black "Garcia Estruch, Jorge"]
[Result "1-0"]
[WhiteElo "1819"]
[BlackElo "1820"]
[PlyCount "71"]
[EventDate "2017.04.22"]
[EventType "swiss"]
[EventRounds "8"]
[EventCountry "ESP"]
[SourceTitle "EXT 2019"]
[Source "ChessBase"]
[SourceDate "2018.10.10"]
[SourceVersion "1"]
[SourceVersionDate "2018.10.10"]
[SourceQuality "1"]

1. d4 Nf6 2. Nf3 g6 3. Nc3 Bg7 4. e4 d6 5. Bg5 h6 6. Be3 0-0 7. Qd2 Kh7 8. h4 Ng4 9. Bf4 f5 10. 0-0-0 c6 11. h5 g5 12. Bxg5 hxg5 13. Nxg5+ Kh8 14. Bc4 e5 15. h6 Bf6 16. Nf3 fxe4 17. Nxe4 d5 18. Nxf6 Qxf6 19. dxe5 Nxe5 20. Nxe5 Qxe5 21. Rde1 Qf6 22. Bd3 Na6 23. h7 Nc5 24. Rh6 Nxd3+ 25. cxd3 Qg7 26. f3 Bf5 27. g4 Bxd3 28. Rhe6 Bxh7 29. g5 Rxf3 30. g6 Bxg6 31. Rg1 Rf6 32. Rxf6 Qxf6 33. Qh6+ Kg8 34. Rxg6+ Qxg6 35. Qxg6+ Kf8 36. Qf6+ 1-0

[Event "Aragon-ch Seniors-A"]
[Site "Zaragoza"]
[Date "2017.04.29"]
[Round "2"]
[White "Gines Abad, Pedro"]
[Black "Aviol Perez, Jose Mariano"]
[Result "0-1"]
[WhiteElo "1972"]
[BlackElo "1819"]
[PlyCount "106"]
[EventDate "2017.04.22"]
[EventType "swiss"]
[EventRounds "8"]
[EventCountry "ESP"]
[SourceTitle "EXT 2019"]
[Source "ChessBase"]
[SourceDate "2018.10.10"]
[SourceVersion "1"]
[SourceVersionDate "2018.10.10"]
[SourceQuality "1"]

1. d4 d5 2. Nf3 Nf6 3. e3 c5 4. c4 dxc4 5. Bxc4 e6 6. 0-0 Nc6 7. dxc5 Qxd1 8. Rxd1 Bxc5 9. a3 a6 10. b4 Ba7 11. Bb2 Ke7 12. Nbd2 b5 13. Be2 Bb7 14. Rac1 Rhd8 15. Kf1 h6 16. Nb3 Rxd1+ 17. Bxd1 Rd8 18. Be2 g5 19. Nfd4 Nxd4 20. Nxd4 Ne4 21. f3 Nd6 22. Kf2 Rc8 23. Rxc8 Nxc8 24. Nb3 Nd6 25. Bd4 Bxd4 26. Nxd4 Bd5 27. e4 e5 28. Nxb5 Nxb5 29. Bxb5 axb5 30. exd5 Kd6 31. Ke3 Kxd5 32. Kd3 f5 33. g4 fxg4 34. fxg4 e4+ 35. Ke3 Ke5 36. Kd2 Kd4 37. Ke2 Kc4 38. Ke3 Kb3 39. Kxe4 Kxa3 40. Kf5 Kxb4 41. Kg6 Kc5 42. Kxh6 b4 43. Kxg5 b3 44. h4 b2 45. h5 b1Q 46. h6 Kd6 47. Kf6 Qh7 48. g5 Kd7 49. g6 Qxh6 50. Kf7 Qh5 51. Kf8 Qf5+ 52. Kg7 Ke7 53. Kh8 Qf6+ 0-1

[Event "Aragon-chT Preferente B"]
[Site "Aragon"]
[Date "2017.02.11"]
[Round "3.66"]
[White "Vera Aranjuelo, Jesus Maria"]
[Black "Aviol Perez, Jose Mariano"]
[Result "1-0"]
[WhiteElo "2029"]
[BlackElo "1842"]
[PlyCount "87"]
[EventDate "2017.01.28"]
[EventType "team-tourn"]
[EventRounds "9"]
[EventCountry "ESP"]
[SourceTitle "EXT 2018"]
[Source "ChessBase"]
[SourceDate "2017.10.13"]
[SourceVersion "1"]
[SourceVersionDate "2017.10.13"]
[SourceQuality "1"]
[WhiteTeam "Caissa Hermanos Cortes"]
[BlackTeam "Actur Rey Fernando"]
[WhiteTeamCountry "ESP"]
[BlackTeamCountry "ESP"]

1. d4 d5 2. Nf3 Nf6 3. Bf4 c5 4. c3 Nc6 5. e3 Qb6 6. Qc1 cxd4 7. cxd4 Bf5 8. Nc3 e6 9. Bb5 Rc8 10. Ne5 Bb4 11. 0-0 0-0 12. Nxc6 bxc6 13. Be2 c5 14. Na4 Qa5 15. Nxc5 Bxc5 16. dxc5 Rxc5 17. Qd1 Rfc8 18. b4 Qxb4 19. Bd6 Ne4 20. Bxc5 Qxc5 21. Bd3 Qa3 22. Bxe4 Bxe4 23. Qb3 Qc5 24. Qb2 Bd3 25. Rfc1 Bc4 26. Rab1 h6 27. Qb4 Kf8 28. Qxc5+ Rxc5 29. Rb8+ Ke7 30. Rb7+ Kf6 31. Rxa7 Rb5 32. a4 Rb2 33. Ra1 e5 34. h3 d4 35. exd4 exd4 36. Rd7 d3 37. Rd4 Rc2 38. a5 Ke5 39. Rd8 Ba6 40. Re1+ Re2 41. Kf1 f5 42. Rxe2+ dxe2+ 43. Ke1 g5 44. Rh8 1-0

[Event "Amposta Balague Memorial 3rd"]
[Site "Amposta"]
[Date "2016.08.07"]
[Round "9"]
[White "Kovacevic, Slobodan"]
[Black "Aviol Perez, Jose Mariano"]
[Result "1-0"]
[WhiteElo "2303"]
[BlackElo "1860"]
[PlyCount "35"]
[EventDate "2016.08.01"]
[EventType "swiss"]
[EventRounds "9"]
[EventCountry "ESP"]
[SourceTitle "CBM 173 Extra"]
[Source "ChessBase"]
[SourceDate "2016.08.29"]
[SourceVersion "1"]
[SourceVersionDate "2016.08.29"]
[SourceQuality "1"]

1. d4 d5 2. Bf4 Nf6 3. e3 c5 4. c3 Nc6 5. Nd2 Bf5 6. Qb3 Qd7 7. Ngf3 e6 8. Bb5 c4 9. Qa4 Bd6 10. Bxd6 Qxd6 11. Ne5 0-0 12. Bxc6 bxc6 13. Qxc6 Qb8 14. 0-0-0 a5 15. Qa4 Ra6 16. f3 Rc8 17. g4 Bg6 18. Nxg6 1-0

[Event "Amposta Balague Memorial 3rd"]
[Site "Amposta"]
[Date "2016.08.02"]
[Round "2"]
[White "Aviol Perez, Jose Mariano"]
[Black "Accensi Estrada, Miguel Angel"]
[Result "0-1"]
[WhiteElo "1860"]
[BlackElo "2191"]
[PlyCount "138"]
[EventDate "2016.08.01"]
[EventType "swiss"]
[EventRounds "9"]
[EventCountry "ESP"]
[SourceTitle "CBM 173 Extra"]
[Source "ChessBase"]
[SourceDate "2016.08.29"]
[SourceVersion "1"]
[SourceVersionDate "2016.08.29"]
[SourceQuality "1"]

1. d4 Nf6 2. Nf3 e6 3. c4 b6 4. g3 Ba6 5. Qc2 Bb4+ 6. Bd2 Be7 7. Bg2 c6 8. 0-0 d5 9. Ne5 0-0 10. Re1 Nfd7 11. cxd5 Nxe5 12. dxe5 cxd5 13. Nc3 Nd7 14. f4 f5 15. Nxd5 exd5 16. Bxd5+ Kh8 17. Bxa8 Qxa8 18. e4 Bc5+ 19. Be3 fxe4 20. Qa4 Bxe3+ 21. Rxe3 Nc5 22. Qa3 Bd3 23. b4 Ne6 24. Rxd3 exd3 25. Qxd3 Rd8 26. Qc3 Nd4 27. Kf2 Nf3 28. Rc1 Nxh2 29. Qc6 Qxc6 30. Rxc6 h5 31. Ke3 Rd7 32. Ke4 Ng4 33. Kf5 Kh7 34. Kg5 Re7 35. Kxh5 Nxe5 36. fxe5 Rxe5+ 37. Kg4 Re4+ 38. Kf5 Rxb4 39. Rc3 Ra4 40. a3 Ra5+ 41. Kf4 Kg6 42. Rc6+ Kh5 43. Rc3 g5+ 44. Kf3 Rf5+ 45. Kg2 Rc5 46. Rb3 Kg4 47. Rb4+ Kf5 48. g4+ Ke5 49. a4 Rd5 50. Kf3 Rd3+ 51. Ke2 Rd4 52. Rb5+ Rd5 53. Rb4 Kd6 54. Ke3 Kc6 55. Ke4 a6 56. Rc4+ Rc5 57. Rb4 b5 58. axb5+ axb5 59. Kd4 Kd6 60. Ke3 Rc3+ 61. Kf2 Kc5 62. Re4 Rd3 63. Ke2 Rd4 64. Re5+ Rd5 65. Re4 b4 66. Ke1 b3 67. Re8 Kb4 68. Rc8 b2 69. Ke2 b1Q 0-1

[Event "Masdenverge op 5th"]
[Site "Masdenverge"]
[Date "2016.06.25"]
[Round "5"]
[White "Aledo Lopez, Angel"]
[Black "Aviol Perez, Jose Mariano"]
[Result "1-0"]
[WhiteElo "2049"]
[BlackElo "1860"]
[PlyCount "51"]
[EventDate "2016.06.24"]
[EventType "swiss"]
[EventRounds "7"]
[EventCountry "ESP"]
[SourceTitle "EXT 2017"]
[Source "ChessBase"]
[SourceDate "2016.10.25"]
[SourceVersion "1"]
[SourceVersionDate "2016.10.25"]
[SourceQuality "1"]

1. e4 d6 2. d4 Nf6 3. Nf3 g6 4. Bc4 Bg7 5. Qe2 Nc6 6. Nc3 0-0 7. Bf4 Bg4 8. 0-0-0 Nd7 9. e5 Nb6 10. Bb3 Na5 11. h3 Bxf3 12. Qxf3 c6 13. h4 Nac4 14. h5 Qc8 15. g4 dxe5 16. dxe5 Bxe5 17. Bh6 Bg7 18. hxg6 fxg6 19. Qe2 Bxh6+ 20. Rxh6 Rf4 21. Qxe7 Rxg4 22. Qxh7+ Kf8 23. Rxg6 Rxg6 24. Qxg6 Qe8 25. Qh6+ Kf7 26. Qf4+ 1-0

[Event "Masdenverge op 5th"]
[Site "Masdenverge"]
[Date "2016.06.24"]
[Round "2"]
[White "Aviol Perez, Jose Mariano"]
[Black "Jordan Martinez, Miguel"]
[Result "0-1"]
[WhiteElo "1860"]
[BlackElo "2193"]
[PlyCount "63"]
[EventDate "2016.06.24"]
[EventType "swiss"]
[EventRounds "7"]
[EventCountry "ESP"]
[SourceTitle "EXT 2017"]
[Source "ChessBase"]
[SourceDate "2016.10.25"]
[SourceVersion "1"]
[SourceVersionDate "2016.10.25"]
[SourceQuality "1"]

1. d4 Nf6 2. Nf3 g6 3. Nc3 d5 4. Bf4 c6 5. Ne5 Bg7 6. e3 Nh5 7. Bg3 Nxg3 8. hxg3 f6 9. Nf3 0-0 10. Qd2 b5 11. 0-0-0 Bg4 12. Rh4 Bxf3 13. gxf3 Nd7 14. Bd3 f5 15. Rdh1 h6 16. e4 e6 17. Rxh6 Kf7 18. g4 Bxh6 19. Rxh6 Rh8 20. gxf5 exf5 21. exd5 Rxh6 22. Qxh6 Nf6 23. dxc6 a6 24. Qf4 Rc8 25. Nxb5 axb5 26. Bxb5 Qe7 27. c4 Qe1+ 28. Kc2 Qxf2+ 29. Kb3 Nh5 30. Qd6 Qxf3+ 31. Kb4 Nf4 32. a4 0-1

[Event "Aragon-chT Preferente B"]
[Site "Aragon"]
[Date "2016.03.12"]
[Round "7.58"]
[White "Garcia Andres, Daniel"]
[Black "Aviol Perez, Jose Mariano"]
[Result "1-0"]
[WhiteElo "2001"]
[BlackElo "1821"]
[PlyCount "43"]
[EventDate "2016.01.30"]
[EventType "team-tourn"]
[EventRounds "9"]
[EventCountry "ESP"]
[SourceTitle "EXT 2018"]
[Source "ChessBase"]
[SourceDate "2017.10.13"]
[SourceVersion "1"]
[SourceVersionDate "2017.10.13"]
[SourceQuality "1"]
[WhiteTeam "St Casablanca III"]
[BlackTeam "Actur Rey Fernando"]
[WhiteTeamCountry "ESP"]
[BlackTeamCountry "ESP"]

1. e4 d6 2. Nc3 Nf6 3. f4 d5 4. e5 d4 5. Nce2 Nd5 6. Nxd4 Nxf4 7. Ngf3 Bg4 8. c3 e6 9. Qa4+ Qd7 10. Nb5 c6 11. Qxf4 Bxf3 12. Qxf3 cxb5 13. d4 b4 14. Bd3 Be7 15. 0-0 0-0 16. Qh3 g6 17. Bh6 Rc8 18. Bd2 Bf8 19. Rf4 Nc6 20. Rh4 f5 21. exf6 Qf7 22. Bxg6 1-0

[Event "Aragon-chT Preferente B"]
[Site "Aragon"]
[Date "2016.03.05"]
[Round "6.58"]
[White "Aviol Perez, Jose Mariano"]
[Black "Faro Perella, Alberto"]
[Result "1-0"]
[WhiteElo "1821"]
[BlackElo "1966"]
[PlyCount "69"]
[EventDate "2016.01.30"]
[EventType "team-tourn"]
[EventRounds "9"]
[EventCountry "ESP"]
[SourceTitle "EXT 2018"]
[Source "ChessBase"]
[SourceDate "2017.10.13"]
[SourceVersion "1"]
[SourceVersionDate "2017.10.13"]
[SourceQuality "1"]
[WhiteTeam "Actur Rey Fernando"]
[BlackTeam "Binefar"]
[WhiteTeamCountry "ESP"]
[BlackTeamCountry "ESP"]

1. d4 Nf6 2. Nf3 c5 3. d5 d6 4. c4 b5 5. cxb5 a6 6. b6 Nbd7 7. Nc3 g6 8. a4 a5 9. e4 Bg7 10. Be2 0-0 11. 0-0 Nxb6 12. Ra3 Rb8 13. Nd2 Bd7 14. f4 Qc8 15. h3 e6 16. dxe6 Bxe6 17. Nf3 Rd8 18. Qe1 d5 19. e5 Ne8 20. Nb5 d4 21. Qxa5 d3 22. Rxd3 Rxd3 23. Bxd3 c4 24. Bc2 Bf8 25. Be3 Nd5 26. Qd2 Nec7 27. Ba7 Bb4 28. Qc1 Ra8 29. Nxc7 Rxa7 30. Nb5 Rd7 31. Kh1 Bc5 32. Nfd4 Nb4 33. Nxe6 fxe6 34. Be4 Nd3 35. Qxc4 1-0

[Event "Aragon-chT Preferente B"]
[Site "Aragon"]
[Date "2016.02.13"]
[Round "3.70"]
[White "Alonso Blasco, Jose Miguel"]
[Black "Aviol Perez, Jose Mariano"]
[Result "1/2-1/2"]
[WhiteElo "2064"]
[BlackElo "1821"]
[PlyCount "106"]
[EventDate "2016.01.30"]
[EventType "team-tourn"]
[EventRounds "9"]
[EventCountry "ESP"]
[SourceTitle "EXT 2018"]
[Source "ChessBase"]
[SourceDate "2017.10.13"]
[SourceVersion "1"]
[SourceVersionDate "2017.10.13"]
[SourceQuality "1"]
[WhiteTeam "Las Fuentes"]
[BlackTeam "Actur Rey Fernando"]
[WhiteTeamCountry "ESP"]
[BlackTeamCountry "ESP"]

1. e4 d6 2. d4 Nf6 3. Nc3 g6 4. Nf3 Bg7 5. Be2 c5 6. d5 0-0 7. h3 b5 8. Bxb5 Nxe4 9. Nxe4 Qa5+ 10. Nc3 Bxc3+ 11. bxc3 Qxb5 12. Qd3 Ba6 13. Qxb5 Bxb5 14. Bh6 Re8 15. Nd2 e6 16. dxe6 Rxe6+ 17. Be3 Nd7 18. Rb1 Ba6 19. Nf3 Rae8 20. Rb3 Nf6 21. Kd1 Nd5 22. Bh6 Be2+ 23. Kc1 Bxf3 24. gxf3 Nb6 25. Kd1 f6 26. Bd2 Kf7 27. Re1 Rxe1+ 28. Bxe1 Ke6 29. Bd2 Re7 30. Bf4 g5 31. Bh2 f5 32. f4 g4 33. hxg4 fxg4 34. f5+ Kxf5 35. c4 Nxc4 36. a4 h5 37. Bg3 Kg5 38. Rb8 Ne5 39. Rg8+ Kf5 40. Bh4 Rh7 41. Rf8+ Ke4 42. Re8 Kd5 43. Rd8 Rf7 44. Rh8 Rf5 45. Rh6 Nc4 46. Kc1 Kc6 47. Bg3 Rd5 48. Rh7 Kb6 49. Bh4 Re5 50. Kb1 a6 51. Bd8+ Kc6 52. Bh4 Nd2+ 53. Kc1 Nf3 1/2-1/2

[Event "Zaragoza Primavera op 3rd"]
[Site "Zaragoza"]
[Date "2015.05.24"]
[Round "6"]
[White "Lopez Guaita, Fernando"]
[Black "Aviol Perez, Jose Mariano"]
[Result "1-0"]
[WhiteElo "1967"]
[BlackElo "1865"]
[PlyCount "63"]
[EventDate "2015.04.12"]
[EventType "swiss"]
[EventRounds "9"]
[EventCountry "ESP"]
[SourceTitle "EXT 2016"]
[Source "ChessBase"]
[SourceDate "2015.10.08"]
[SourceVersion "1"]
[SourceVersionDate "2015.10.08"]
[SourceQuality "1"]

1. e4 d6 2. d4 Nf6 3. Nc3 g6 4. h3 Bg7 5. Nf3 0-0 6. Be3 c6 7. Qd2 Nbd7 8. Bd3 e5 9. Bh6 Qc7 10. Bxg7 Kxg7 11. 0-0-0 b5 12. Ne2 Nb6 13. Kb1 Nc4 14. Qc1 a5 15. g4 a4 16. Rdg1 a3 17. b3 Rb8 18. Ng3 c5 19. Nf5+ Bxf5 20. gxf5 exd4 21. h4 Nh5 22. Qg5 Kh8 23. Qh6 Qa5 24. Ng5 Nf6 25. fxg6 fxg6 26. Ne6 Rg8 27. Bxc4 Qc3 28. Kc1 Nxe4 29. Kd1 bxc4 30. h5 d3 31. Qxh7+ Kxh7 32. hxg6# 1-0

[Event "Aragon-chT Preferente A"]
[Site "Aragon"]
[Date "2015.02.14"]
[Round "4.38"]
[White "Antonano Fedz Quincoces, Avelino"]
[Black "Aviol Perez, Jose Mariano"]
[Result "1-0"]
[WhiteElo "1978"]
[BlackElo "1906"]
[PlyCount "87"]
[EventDate "2015.01.24"]
[EventType "team-tourn"]
[EventRounds "11"]
[EventCountry "ESP"]
[SourceTitle "EXT 2017"]
[Source "ChessBase"]
[SourceDate "2016.10.25"]
[SourceVersion "1"]
[SourceVersionDate "2016.10.25"]
[SourceQuality "1"]
[WhiteTeam "St Casablanca III"]
[BlackTeam "Actur Rey Fernando"]
[WhiteTeamCountry "ESP"]
[BlackTeamCountry "ESP"]

1. e4 d6 2. d4 Nf6 3. Nc3 g6 4. Be3 c6 5. h3 Bg7 6. Nf3 Nbd7 7. e5 Nd5 8. Nxd5 cxd5 9. exd6 exd6 10. Bd3 0-0 11. 0-0 Re8 12. c3 Nf6 13. Bg5 Bd7 14. Nh2 b5 15. Qf3 Rb8 16. Bxf6 Qxf6 17. Qxd5 b4 18. Rfe1 Rec8 19. Ba6 Be6 20. Qa5 Rc6 21. Ng4 Bxg4 22. hxg4 bxc3 23. bxc3 Qf4 24. Rab1 Rcb6 25. Rxb6 axb6 26. Qd5 Bh6 27. Bc4 Rf8 28. g3 Qf6 29. f4 Qd8 30. Rb1 Qc7 31. g5 Bg7 32. g4 Rb8 33. Re1 b5 34. Bb3 Qd7 35. f5 Re8 36. Qxf7+ Qxf7 37. Rxe8+ Bf8 38. Bxf7+ Kxf7 39. Rb8 h6 40. Rxf8+ Kxf8 41. gxh6 gxf5 42. gxf5 Kg8 43. f6 Kf7 44. h7 1-0

[Event "Zaragoza Primavera op 2nd"]
[Site "Zaragoza"]
[Date "2014.06.22"]
[Round "8"]
[White "Fernandez Sierra, Pedro Jose"]
[Black "Aviol Perez, Jose Mariano"]
[Result "0-1"]
[WhiteElo "1702"]
[BlackElo "1958"]
[PlyCount "140"]
[EventDate "2014.04.27"]
[EventType "swiss"]
[EventRounds "9"]
[EventCountry "ESP"]
[SourceTitle "CBM 160 Extra"]
[Source "ChessBase"]
[SourceDate "2014.07.01"]
[SourceVersion "1"]
[SourceVersionDate "2014.07.01"]
[SourceQuality "1"]

1. c4 Nf6 2. d4 e6 3. Nc3 d5 4. e3 a6 5. Nf3 c5 6. dxc5 Bxc5 7. cxd5 exd5 8. g3 0-0 9. Bg2 Nc6 10. 0-0 Bg4 11. Qb3 Re8 12. a3 Qd7 13. Na4 Na5 14. Nxc5 Nxb3 15. Nxd7 Nxa1 16. Nxf6+ gxf6 17. Nd4 Rac8 18. Bxd5 Nc2 19. Bxb7 Nxd4 20. exd4 Be2 21. Bxc8 Bxf1 22. Kxf1 Rxc8 23. Bd2 f5 24. Bc3 Re8 25. f3 Re6 26. f4 Kf8 27. Kf2 Ke8 28. Kf3 h5 29. h4 Kd7 30. Bb4 Kc6 31. Kf2 Kd5 32. Bc3 Kc4 33. Kf3 Re4 34. Kf2 Re6 35. Kf3 Kb5 36. Bb4 a5 37. Bc3 a4 38. Kf2 Kc4 39. Kf3 Kd3 40. Kf2 Re8 41. Kf3 Re2 42. d5 Re8 43. Bf6 Re3+ 44. Kf2 Ke4 45. d6 Rd3 46. Be5 Kd5 47. Ke2 Ke4 48. Kf2 f6 49. Bxf6 Rxd6 50. Bc3 Kd3 51. Kf3 Rc6 52. Kf2 Re6 53. Be5 Kd2 54. Bc3+ Kd1 55. Be5 Kc2 56. Ke3 Kd1 57. Kd4 Rg6 58. Kc5 Rxg3 59. Kb4 Rg4 60. Kxa4 Rxh4 61. b4 Rg4 62. b5 h4 63. b6 h3 64. b7 Rg8 65. b8Q Rxb8 66. Bxb8 h2 67. Be5 h1Q 68. Kb5 Qb7+ 69. Kc4 Qa6+ 70. Kb4 Kc2 0-1